000 01233nam a2200313 c 4500
003 BLK
005 20250724110346.0
008 180409b bul|||||r ||||||| ||bul||
010 _aKNG00107300000
020 _a954-739-386-3
_bиздат.: Захарий Стоянов
040 _aBLK
041 _aBUL
_cBUL
080 _aБългарска литература
_b821.163.2
_x-1
_z821.163.2-1
100 1 _aЦанев, Стефан Неделчев
_d1936-
_gПисател, поет, драматург.
_9364639
139 _aЦанев, Стефан Неделчев
_bЦ 16
245 1 0 _aСълзата на Бога
_bСтихове 1954-2003
_cСтефан Неделчев Цанев.
257 _aBGR
260 София
_bЗахарий Стоянов
_c2003
_fСофия : Образование и наука
300 _a487 с.
_c21 см
380 _aX
500 _aОфс. изд. - Съдържа и Стефан Цанев - Биохроника
653 _aстихотворения
852 _aЦб 215577
856 4 _qpdf
_u
856 4 _qpdf
_u
942 _cKNG
_n0
_06
944 _aCR
_c15.01.2003
_k30546
_lРенета Константинова
944 _aED
_c10.08.2004
_k
999 _c102235
_d102235